01084nam a2200193 a 450000100100000000500170001000800410002704000250006808200150009310000250010824500980013326000270023130000210025850003040027959000750058370000290065895201860068799900170087300003584720200930074648.0111115s1960 fr 000 0 fre d aDO-SdBNPbspacBNPHU axxxbF219p1 aFarau, Alfred96182313aLa psychologie des profondeurs :bDes origines a nos jours /cAlfred Farau, Herbert Schaffer. aParis :bPayot,c1960. a215 p. ;c23 cm. aLes precurseurs de Freud. - Freud et la psychanalyse. - Adler et la psychologie individuelle comparée. - C. G. Jung. - Les écoles mineures.- L´analyse existentielle. - Réflexologie et intentionnalité.- Les méthodes. - La thérapie sociale.- La psychiatrie.- La médecine psychosomatique aPerteneció a la biblioteca personal de Juan Isidro Jimenes Grullón1 aSchaffer, Herbert961824 001050718RVaGRbGRcCTd2011-11-15iLF1l0oxxx F219pp35847-10r2020-06-25w2020-06-25y1zPerteneció a la biblioteca personal de Juan Isidro Jimenes- GrullónZNo se presta c35338d35338